| 000 | 01201cam a2200289 a 4500 | ||
|---|---|---|---|
| 003 | EG-GiCUC | ||
| 005 | 20250223032431.0 | ||
| 008 | 191104s1997 ua d f m 000 0 eng d | ||
| 040 |
_aEG-GiCUC _beng _cEG-GiCUC |
||
| 041 | 0 | _aeng | |
| 049 | _aDeposite | ||
| 097 | _aM.Sc | ||
| 099 | _aCai01.13.01.M.Sc.1997.Ha.A | ||
| 100 | 0 | _aHanafy Mohammed Omar | |
| 245 | 1 | 0 |
_aAnalysis and simulation of satellite attitude control using fuzzy and classical techniques / _cHanafy Mohammed Omar ; Supervised Sayed D. Hassan , Mohammed B. Argoum , Gamal M. Elbayoumi |
| 246 | 1 | 5 | _aتحليل ومحاكاة التحكم فى اتجاه قمر صناعى بإستخدام الطرق اللفظية والتقليدية |
| 260 |
_aCairo : _bHanafy Mohammed Omar , _c1997 |
||
| 300 |
_a155 P. : _bcharts ; _c30cm |
||
| 502 | _aThesis (M.Sc.) - Cairo University - Faculty of Engineering - Department of Aerospace Engineering | ||
| 700 | 0 |
_aGamal M. Elbayoumi , _eSupervisor |
|
| 700 | 0 |
_aMohammed B. Argoum , _eSupervisor |
|
| 700 | 0 |
_aSayed D. Hassan , _eSupervisor |
|
| 856 | _uhttp://172.23.153.220/th.pdf | ||
| 905 |
_aNazla _eRevisor |
||
| 905 |
_aShimaa _eCataloger |
||
| 942 |
_2ddc _cTH |
||
| 999 |
_c74984 _d74984 |
||